Statistics for Longest Serving Players in the Premier Leauge

Click here to take the quiz!

General Stats

  • This quiz has been taken 25 times
  • The average score is 5 of 20

Answer Stats

NPlayerNationalityYears ActiveClubAppsGoals% Correct
1Seamus ColemanIrish2009-present (14 Years)Everton32522
71%
4Harry KaneEnglish2011-present (12 Years)Tottenham Hotspurs317213
67%
2Lewis DunkEnglish2010-present (13 Years)Brighton & Hove Albion37823
57%
10Kevin de BruyneBelgian2015-present (8 Years)Manchester City23964
52%
18Kepa ArrizabalagaSpanish2018-present (5 Years)Chelsea1090
43%
6Luke ShawEnglish2014-present (9 Years)Manchester United1793
29%
10Angelo OgbonnaItalian2015-present (8 Years)West Ham United1908
24%
10Joe GomezEnglish2015-present (8 Years)Liverpool1080
24%
3Paul DummettWelsh2010-present (13 Years)Newcastle United1913
19%
14Rob HoldingEnglish2016-present (7 Years)Arsenal982
19%
10Tom CairneyScottish2015-present (8 Years)Fulham25740
19%
6Adam SmithEnglish2014-present (9 Years)A.F.C Bournemouth2755
14%
5Joel WardEnglish2012-present (11 Years)Crystal Palace3035
14%
14Jóhan Berg GudmundssonIcelandic2016-present (7 Years)Burnley17313
14%
6Chris BashamEnglish2014-present (9 Years)Sheffield United33611
10%
20Douglas LuizBrazilian2019-present (4 Years)Aston Villa14011
10%
18Max KilmanEnglish2018-present (5 Years)Wolverhampton Wanderers891
10%
6Pelly Ruddock MpanzuCongolese2014-present (9 Years)Luton Town32223
10%
14Rico HenryEnglish2016-present (7 Years)Brentford1815
10%
14Joe WorrallEnglish2016-present (7 Years)Nottingham Forest1984
5%

Score Distribution

Percentile by Number Answered

Percent of People with Each Score

Your Score History

You have not taken this quiz